| 000 | 00587nam a2200193 a 4500 | ||
|---|---|---|---|
| 005 | 20251204064010.0 | ||
| 008 | 991125s1990 mx 000 0 spa u | ||
| 020 | _a9684095589 | ||
| 035 | _aUPN01000035738 | ||
| 049 | _aCG | ||
| 050 | 4 |
_aLB1028.66 _bB4.4 |
|
| 100 | 1 | _aBernal Rivera, Germán | |
| 245 | 1 | 0 |
_aLogo 1 : _bcomputación para niños / _cGermán Bernal Rivera. |
| 260 |
_aMéxico : _bEDAMEX, _c1990. |
||
| 300 |
_a173 p. : _bil. |
||
| 650 | 4 |
_aLOGO (LENGUAJE DE PROGRAMACION PARA COMPUTADORA) - _vLITERATURA JUVENIL |
|
| 650 | 4 |
_aComputadoras y niños _97115 |
|
| 905 | _aLibro | ||
| 999 |
_c35738 _d35738 |
||